Last 10 teams promoted to Scottish Premiership - Statistics

General Stats
  • This quiz has been taken 10 times
  • The average score is 9 of 10
Answer Stats
Promotion achieved in Answer % Correct
2022/23 Season Dundee
100%
2023/24 Season Dundee United
100%
2024/25 Season Falkirk
100%
2020/21 Season Hearts
100%
2024/25 Season Livingston
100%
2018/19 Season Ross County
100%
2025/26 Season St Johnstone
100%
2017/18 Season St Mirren
100%
2021/22 Season Kilmarnock
70%
2016/17 Season Hibernian
30%
No matching quizzes found
Score Distribution
Percent of People with Each Score
Percentile by Number Answered
Your Score History
You have not taken this quiz